000
00333nam a22001457a 4500
008
221124b ||||| |||| 00| 0 eng d
020
_a
9780763734299
041
_a
eng
080
_a
610.73
082
_a
610.73
100
_a
9
101
_a
INF
245
_a
THE NURSE PRACTITIONER IN LONG -TERM CARE
_c
WHITE B
942
_2
udc
_c
BK
999
_c
59019
_d
59019